Options asna strategic investment : a comprehensive analysis of listed option strategies

Bibliographic Details
Main Author: McMillan, L. G. [ (Lawrence G.)] (Author)
Format: Book
Published: New York : New York Institute of Finance , 1986
Edition:2nd ed.
Subjects:

MARC

LEADER 00000cam a2200000 7i4500
001 0000002612
005 20180411093000.0
008 021118n
020 |a 0136383475 
090 0 0 |a HG6042   |b .M35 
100 0 |a McMillan, L. G. [  |q (Lawrence G.)] ,   |e author 
245 0 0 |a Options asna strategic investment :   |b a comprehensive analysis of listed option strategies   |c Lawrence G. McMillan 
250 |a 2nd ed. 
260 2 |a New York :   |b New York Institute of Finance ,   |c 1986 
300 |a 684 p. ; ;   |c 23 cm. 
500 |a Includes index 
650 0 |a Put and call transactions 
999 |a 1000019744   |b Book   |c OPEN SHELF (30 DAYS)   |e Gong Badak Campus